La República Dominicana : (Registro nro. 7708)

Detalles MARC
000 -LIDER
fixed length control field 01679nam a2200433 a 4500
001 - NÚMERO DE CONTROL
Identificador de número de control 000000752
003 - IDENTIFICACDOR DE NÚMERO DE CONTROL
control field DO-SdBNP
005 - DATE AND TIME OF LATEST TRANSACTION
control field 20170918101716.0
007 - CAMPOS FIJOS DE DESCRIPCIÓN FÍSICA
fixed length control field 000000752
008 - ELEMENTOS DE LONGITUD FIJA
fixed length control field 090429s2003 dr abc 000 0 spa d
020 ## - ISBN
International Standard Book Number 9993488518
040 ## - FUENTE DE CATALOGACIÓN
Agencia que crea de manera original el registro BPMSU
Idioma de catalogación spa
Agencia que realiza la transcripción BPMSU
092 ## - LOCALLY ASSIGNED DEWEY DECIMAL CALL NUMBER
Número de clasificación R972.93
Número de ítem (Cutter) D446r, 2003
100 1# - ASIENTO PRINCIPAL -- NOMBRE PERSONAL
Nombre personal Deschamps, Enrique
Fechas asociadas con el nombre 1872-1933
245 13 - MENCIÓN DE TITULO
Título La República Dominicana :
Subtítulo directorio y guía general /
Mención de responsabilidad Enrique Deschamps ; presentación Mariano Mella.
250 ## - MENCIÓN DE EDICION
Mención de edición 3a ed. facsím.
260 ## - PUBLICACIÓN, DISTRIBUCIÓN, ETC. (PIE DE IMPRENTA)
Lugar de publicación, distribución, etc Santo Domingo :
Nombre del editor, distribuidor, etc. Sociedad Dominicana de Bibliófilos,
Fecha de publicación, distribución, etc 2003.
300 ## - DESCRIPCIÓN FÍSICA
Extensión 336,[118] p. :
Otros detalles físicos il., mapa., retrs. ;
Dimensiones 24 cm.
490 0# - MENCIÓN DE SERIES
Mención de serie Clásicos Bibliófilos
500 ## - NOTA GENERAL
Nota general Incluye partitura del Himno Nacional Dominicano
500 ## - NOTA GENERAL
Nota general Incluye en anexo mapa de la isla de Santo Domingo y Haití.
533 ## - NOTA DE REPRODUCCIÓN
Tipo de producción Facsím.
Lugar de reproducción Barcelona, España
Fecha de reproducción 1907
650 #4 - ENCABEZAMIENTO DE MATERIA--TEMÁTICO
Término temático o nombre geográfico como elemento de entrada REPÚBLICA DOMINICANA
Subdivisión temática general VIDA SOCIAL Y COSTUMBRES
650 #4 - ENCABEZAMIENTO DE MATERIA--TEMÁTICO
Término temático o nombre geográfico como elemento de entrada MASONERÍA
Subdivisión geográfica REPÚBLICA DOMINICANA
651 #4 - ENCABEZAMIENTO DE MATERIA--NOMBRE GEOGRÁFICO
Nombre geográfico REPÚBLICA DOMINICANA
Subdivisión temática general HISTORIA
651 #4 - ENCABEZAMIENTO DE MATERIA--NOMBRE GEOGRÁFICO
Nombre geográfico REPÚBLICA DOMINICANA
Subdivisión de forma DIRECTORIOS
651 #4 - ENCABEZAMIENTO DE MATERIA--NOMBRE GEOGRÁFICO
Nombre geográfico REPÚBLICA DOMINICANA
Subdivisión temática general DESCRIPCIONES Y VIAJES
651 #4 - ENCABEZAMIENTO DE MATERIA--NOMBRE GEOGRÁFICO
Nombre geográfico REPÚBLICA DOMINICANA
Subdivisión temática general CONDICIONES ECONÓMICAS
-- HISTORIA
651 #4 - ENCABEZAMIENTO DE MATERIA--NOMBRE GEOGRÁFICO
Nombre geográfico REPÚBLICA DOMINICANA
Subdivisión temática general CONDICIONES SOCIALES
-- HISTORIA
700 12 - ASIENTO SECUNDARIO -- NOMBRE PERSONAL
Nombre personal Mella, Mariano
910 ## - VALIDACIÓN
Validación Validado. Control de calidad BNPHU
930 #1 - EQUIVALENCE OR CROSS-REFERENCE-UNIFORM TITLE HEADING [LOCAL, CANADA]
Language of a work BND01
Medium of performance for music LF1
Field link and sequence number 20090825
Date of a work 02
Name of part/section of a work HD
942 ## - ADDED ENTRY ELEMENTS (KOHA)
Source of classification or shelving scheme Dewey Decimal Classification
Koha item type Libros
945 ## - INFORMACIÓN DE PROCESAMIENTO LOCAL
Información de procesamiento local Inventariado, 2017/MFF
956 ## - LOCAL ELECTRONIC LOCATION AND ACCESS (OCLC)
Nombre de host ARIVERA
Número de acceso 10
Información de compresión 20100210
Inicio de sesión BND01
Procesador de solicitud 1434
956 ## - LOCAL ELECTRONIC LOCATION AND ACCESS (OCLC)
Nombre de host MMOLINA
Número de acceso 40
Información de compresión 20110418
Inicio de sesión BND01
Procesador de solicitud 0927
956 ## - LOCAL ELECTRONIC LOCATION AND ACCESS (OCLC)
Nombre de host MFILETO
Número de acceso 40
Información de compresión 20140701
Inicio de sesión BND01
Procesador de solicitud 0945
956 ## - LOCAL ELECTRONIC LOCATION AND ACCESS (OCLC)
Nombre de host VMATEO
Número de acceso 10
Información de compresión 20150712
Inicio de sesión BPMSU
Procesador de solicitud 00151
Existencias
Withdrawn status Lost status Source of classification or shelving scheme Damaged status Not for loan Home library Current library Date acquired Total Checkouts Barcode Date last seen Price effective from Koha item type
    Dewey Decimal Classification     Biblioteca Pública Metropolitana Salomé Ureña Biblioteca Pública Metropolitana Salomé Ureña 07/14/2015   BPMSU15070207 07/14/2015 07/14/2015 Libros